000 00454ntaaa2200181 4500
003 01
005 20251027202737.0
008 0714s1973 ag 01
040 _aAR-BaBN
_bspa
_cAR-BaBN
_eaacr
_dRIC
082 _a745.5000 P21
100 _aParisi, Tony
_927475
245 _aCraftsman's instructiton hand-book
250 _a1 ed.
260 _aNew York :
_bEducational Materials Inc.,
_cc1951
300 _a96 p
650 _amanualidades
942 _cBK
999 _c22702
_d22702